Základný výpočet čistiarne odpadových vôd (ČOV)

Na minha lista:
Detalhes bibliográficos
Autor principal: Kúdela, Pavol (Author)
Outros Autores: Drtil, Miloslav (Thesis advisor)
Formato: Manuscrito Livro
Idioma:eslovaco
Publicado em: 2017
Assuntos:
Acesso em linha:http://is.stuba.sk/zp/portal_zp.pl?podrobnosti=110473
Tags: Adicionar Tag
Sem tags, seja o primeiro a adicionar uma tag!

MARC

LEADER 00000ntm a22000003a 4500
001 stuzp64760
003 SK-STU
005 20170715210846.8
007 ta
008 150427s2015----xo-----f-mn---000-0-slo-d
040 |a STU  |b slo 
041 0 |a slo 
100 1 |a Kúdela, Pavol  |u 046290  |4 aut  |U FCHPT Ústav chemického a environmentálneho inžinierstva  |T FCHPT Oddelenie environmentálneho inžinierstva  |X 63989  |U C6290  |Y 120  |7 63989 
242 0 1 |a Basic calculation of the sewage treatment plant (WWTP)  |y eng 
245 1 0 |a Základný výpočet čistiarne odpadových vôd (ČOV) 
260 |c 2017 
650 4 |a kalové hospodárstvo, mechanické a primárne predčistenie  |2 slo 
650 4 |a rozhodujúce technologické parametre objektov ČOV  |2 slo 
650 4 |a excelovský xls výpočet ČOV  |2 slo 
650 4 |a aktivácia s odstraňovaním dusíka a fosforu  |2 slo 
650 4 |a activation with removal of nitrogen and phosphorus  |2 eng 
650 4 |a excel xls calculation of WWTP  |2 eng 
650 4 |a Sludge management, mechanical and primary pre-cleaning  |2 eng 
650 4 |a crucial technological parameters of WWTP objects  |2 eng 
700 1 |a Drtil, Miloslav  |u 046290  |k Z1  |4 ths  |U FCHPT Ústav chemického a environmentálneho inžinierstva  |T FCHPT Oddelenie environmentálneho inžinierstva  |X 3377  |U C6290  |Y 120  |7 A000003377 
856 4 |u http://is.stuba.sk/zp/portal_zp.pl?podrobnosti=110473